000 00548nam a2200193Ia 4500
005 20250326144843.0
008 250326s9999 xx 000 0 und d
020 _a81-7629-103-X
037 _aTextbook
040 _aFMSL
_beng
_cFMSL
041 _aeng
_2eng
084 _aX:74:f P0
_qFMSL
100 _aBatra G S
245 0 _aCommerce and business research: new horizons
_cBatra G S; Dangwal R C
260 _aNew Delhi
_bNew Delhi, Deep & Deep
_c2000
300 _a362p
942 _cTB
_hX:74:f P0
999 _c1305317
_d1305317